| 000 | 01575cam a22004454i 4500 | ||
|---|---|---|---|
| 003 | PE-LiUPU | ||
| 005 | 20250731173003.0 | ||
| 008 | 150623s r 000 0 d | ||
| 020 | _a0801058074 | ||
| 035 | _a(Sirsi) i9780801058073 | ||
| 040 |
_aPE-LiUPU _bspa _cPE-LiUPU _erda |
||
| 049 | _aPRUA | ||
| 082 | 0 | 4 |
_a268.432 _bS881j _223 |
| 100 | 1 |
_aStonehouse, Catherine, _eautor. |
|
| 245 | 1 | 0 |
_aJoining children on the spiritual journey : _bnurturing a life of faith / _cCatherine Stonehouse. |
| 264 | 1 |
_aGrand Rapids, Michigan : _bBaker Books, _c1998. |
|
| 300 |
_a237 páginas : _bilustraciones, diagramas ; _c23 centímetros. |
||
| 336 |
_atext _2rdacontent |
||
| 337 |
_aunmediated _2rdamedia |
||
| 338 |
_avolume _2rdacarrier |
||
| 490 | 0 | _a(A Bridge Point Book) | |
| 504 | _aIncluye bibliografía. | ||
| 505 | 0 | _aPreparing for the journey. -Children in the Bible. -Foundations for faith. -Young learners in action. -The child's view on right and wrong. -Knowing in faith. -setting the stage for knowing God. -Pilgrims together on the journey. | |
| 526 | _aSEG42 | ||
| 526 | _aSEG41 | ||
| 526 | _aSEG40 | ||
| 526 | _aSEG39 | ||
| 526 | _aP94 | ||
| 526 | _aP87 | ||
| 526 | _aP86 | ||
| 526 | _aP85 | ||
| 526 | _aP77 | ||
| 526 | _aP76 | ||
| 526 | _aP35 | ||
| 650 | 0 | 4 | _aEducación cristiana de niños. |
| 942 |
_2ddc _cBK _n0 |
||
| 949 |
_a268.432 S881j _wDEWEY _c1 _i45577 _lCCODEBUL1 _mBUL _r0 _sY _tBOOK _u2015-6-24 _xTEOLOGIA _0COMPRA _o.STAFF. Colección General |
||
| 980 |
_81 _gALBERTO SANCHEZ Responsable de Automatización |
||
| 999 |
_c22444 _d22444 |
||